| 000 | 00712nam a2200253Ia 4500 | ||
|---|---|---|---|
| 003 | OSt | ||
| 005 | 20221007101459.0 | ||
| 006 | a|||||r|||| 00| 0 | ||
| 007 | ta | ||
| 008 | 221006b |||||||| |||| 00| 0 eng d | ||
| 024 | _a6,532 | ||
| 037 | _cTextual | ||
| 040 |
_aLCO _cLCO _beng |
||
| 041 |
_2eng _aeng |
||
| 082 | _aZ73,5, L3 | ||
| 100 |
_aClinard Marshall B. _921338 |
||
| 245 | 0 | _aCrime in Developing Countries | |
| 260 |
_aNew _bYork John Wiley & Sons U.S.A. _c1973 |
||
| 300 | _a319 | ||
| 650 |
_aCrime in Developing Countries _9703062 |
||
| 700 |
_a Abbott Daneil J. _9703063 |
||
| 942 |
_hZ73,5, L3 _cTEXL |
||
| 999 |
_c1176095 _d1176095 |
||